<?xml version="1.0" encoding="UTF-8"?>
<record
    xmlns:xsi="http://www.w3.org/2001/XMLSchema-instance"
    xsi:schemaLocation="http://www.loc.gov/MARC21/slim http://www.loc.gov/standards/marcxml/schema/MARC21slim.xsd"
    xmlns="http://www.loc.gov/MARC21/slim">

  <leader>01000nam a22002297a 4500</leader>
  <controlfield tag="001">74631</controlfield>
  <controlfield tag="003">BD-RjUL</controlfield>
  <controlfield tag="005">20211209082600.0</controlfield>
  <controlfield tag="008">181108s2018    bg a|||| b||| 001 0 ben d</controlfield>
  <datafield tag="035" ind1=" " ind2=" ">
    <subfield code="a">(BD-RjUL)74849</subfield>
  </datafield>
  <datafield tag="040" ind1=" " ind2=" ">
    <subfield code="a">BD-RjUL</subfield>
    <subfield code="b">eng</subfield>
    <subfield code="c">BD-RjUL</subfield>
  </datafield>
  <datafield tag="041" ind1=" " ind2=" ">
    <subfield code="a">eng</subfield>
  </datafield>
  <datafield tag="082" ind1=" " ind2=" ">
    <subfield code="2">23</subfield>
    <subfield code="a">720.9541</subfield>
    <subfield code="b">RAS 2018</subfield>
  </datafield>
  <datafield tag="100" ind1=" " ind2=" ">
    <subfield code="a">&#x9B0;&#x9B9;&#x9AE;&#x9BE;&#x9A8;, &#x995;&#x9BE;&#x99C;&#x9C0; &#x9AE;&#x9CB;&#x983; &#x9AE;&#x9CB;&#x9B8;&#x9CD;&#x9A4;&#x9BE;&#x9AB;&#x9BF;&#x99C;&#x9C1;&#x9B0; </subfield>
    <subfield code="9">224734</subfield>
  </datafield>
  <datafield tag="245" ind1=" " ind2=" ">
    <subfield code="a">&#x9B6;&#x9BF;&#x9B2;&#x9CD;&#x9AA;&#x9C0;&#x9B0; &#x9A4;&#x9C1;&#x9B2;&#x9BF;&#x9A4;&#x9C7; &#x9AC;&#x9BE;&#x982;&#x9B2;&#x9BE;&#x9B0; &#x9AE;&#x9C1;&#x9B8;&#x9B2;&#x9BF;&#x9AE; &#x9B8;&#x9CD;&#x9A5;&#x9BE;&#x9AA;&#x9A4;&#x9CD;&#x9AF; /</subfield>
    <subfield code="c">&#x995;&#x9BE;&#x99C;&#x9C0; &#x9AE;&#x9CB;&#x983; &#x9AE;&#x9CB;&#x9B8;&#x9CD;&#x9A4;&#x9BE;&#x9AB;&#x9BF;&#x99C;&#x9C1;&#x9B0; &#x9B0;&#x9B9;&#x9AE;&#x9BE;&#x9A8;</subfield>
  </datafield>
  <datafield tag="260" ind1=" " ind2=" ">
    <subfield code="a">&#x9A2;&#x9BE;&#x995;&#x9BE; :</subfield>
    <subfield code="b">&#x9AE;&#x9BE;&#x993;&#x9B2;&#x9BE; &#x9AC;&#x9CD;&#x9B0;&#x9BE;&#x9A6;&#x9BE;&#x9B0;&#x9CD;&#x9B8;,</subfield>
    <subfield code="c">&#x9E8;&#x9E6;&#x9E7;&#x9EE;</subfield>
  </datafield>
  <datafield tag="300" ind1=" " ind2=" ">
    <subfield code="a">xviii, &#x9E7;&#x9E7;&#x9E8; &#x9AA;&#x9C3;. :</subfield>
    <subfield code="b">&#x99A;&#x9BF;&#x9A4;&#x9CD;&#x9B0; ;</subfield>
    <subfield code="c">&#x9E8;&#x9EB; &#x9B8;&#x9C7;&#x9AE;&#x9BF;.</subfield>
  </datafield>
  <datafield tag="504" ind1=" " ind2=" ">
    <subfield code="a">&#x9AC;&#x9BF;&#x9AC;&#x9B2;&#x9BF;&#x993;&#x997;&#x9CD;&#x9B0;&#x9BE;&#x9AB;&#x9BF; &#x993; &#x987;&#x9A8;&#x9A1;&#x9C7;&#x995;&#x9CD;&#x9B8; &#x9B8;&#x9AE;&#x9CD;&#x9AC;&#x9BF;&#x9B2;&#x9A4;&#x964;</subfield>
  </datafield>
  <datafield tag="650" ind1=" " ind2=" ">
    <subfield code="a">Islamic architecture</subfield>
    <subfield code="9">224735</subfield>
  </datafield>
  <datafield tag="650" ind1=" " ind2=" ">
    <subfield code="a">Architecture</subfield>
    <subfield code="z">India </subfield>
    <subfield code="z">Bengal.</subfield>
    <subfield code="9">224736</subfield>
  </datafield>
  <datafield tag="942" ind1=" " ind2=" ">
    <subfield code="2">ddc</subfield>
    <subfield code="c">BK</subfield>
  </datafield>
  <datafield tag="999" ind1=" " ind2=" ">
    <subfield code="c">74631</subfield>
    <subfield code="d">74631</subfield>
  </datafield>
  <datafield tag="952" ind1=" " ind2=" ">
    <subfield code="0">0</subfield>
    <subfield code="1">0</subfield>
    <subfield code="2">ddc</subfield>
    <subfield code="4">0</subfield>
    <subfield code="7">1</subfield>
    <subfield code="8">NFIC</subfield>
    <subfield code="a">RUCL</subfield>
    <subfield code="b">RUCL</subfield>
    <subfield code="c">Reading</subfield>
    <subfield code="d">2018-09-11</subfield>
    <subfield code="e">Author, Dept. of Islamic History &amp; Culture, RU</subfield>
    <subfield code="g">800.00</subfield>
    <subfield code="l">0</subfield>
    <subfield code="o">B 720.9541 RAS 2018</subfield>
    <subfield code="r">2018-11-08 00:00:00</subfield>
    <subfield code="t">C-1</subfield>
    <subfield code="w">2018-11-08</subfield>
    <subfield code="y">BK</subfield>
  </datafield>
  <datafield tag="952" ind1=" " ind2=" ">
    <subfield code="0">0</subfield>
    <subfield code="1">0</subfield>
    <subfield code="2">ddc</subfield>
    <subfield code="4">0</subfield>
    <subfield code="7">0</subfield>
    <subfield code="8">NFIC</subfield>
    <subfield code="a">RUCL</subfield>
    <subfield code="b">RUCL</subfield>
    <subfield code="c">Stack</subfield>
    <subfield code="d">2018-09-11</subfield>
    <subfield code="e">Author, Dept. of Islamic History &amp; Culture, RU</subfield>
    <subfield code="g">800.00</subfield>
    <subfield code="l">2</subfield>
    <subfield code="o">B 720.9541 RAS 2018</subfield>
    <subfield code="r">2024-10-09 00:00:00</subfield>
    <subfield code="s">2024-09-24</subfield>
    <subfield code="t">C-2</subfield>
    <subfield code="w">2018-11-08</subfield>
    <subfield code="y">BK</subfield>
  </datafield>
  <datafield tag="952" ind1=" " ind2=" ">
    <subfield code="0">0</subfield>
    <subfield code="1">0</subfield>
    <subfield code="2">ddc</subfield>
    <subfield code="4">0</subfield>
    <subfield code="7">0</subfield>
    <subfield code="8">NFIC</subfield>
    <subfield code="a">RUCL</subfield>
    <subfield code="b">RUCL</subfield>
    <subfield code="c">Stack</subfield>
    <subfield code="d">2018-09-11</subfield>
    <subfield code="e">Author, Dept. of Islamic History &amp; Culture, RU</subfield>
    <subfield code="g">800.00</subfield>
    <subfield code="l">2</subfield>
    <subfield code="o">B 720.9541 RAS 2018</subfield>
    <subfield code="r">2022-03-02 00:00:00</subfield>
    <subfield code="s">2022-02-15</subfield>
    <subfield code="t">C-3</subfield>
    <subfield code="w">2018-11-08</subfield>
    <subfield code="y">BK</subfield>
  </datafield>
  <datafield tag="952" ind1=" " ind2=" ">
    <subfield code="0">0</subfield>
    <subfield code="1">0</subfield>
    <subfield code="2">ddc</subfield>
    <subfield code="4">0</subfield>
    <subfield code="7">0</subfield>
    <subfield code="8">NFIC</subfield>
    <subfield code="a">RUCL</subfield>
    <subfield code="b">RUCL</subfield>
    <subfield code="c">Stack</subfield>
    <subfield code="d">2018-09-11</subfield>
    <subfield code="e">Author, Dept. of Islamic History &amp; Culture, RU</subfield>
    <subfield code="g">800.00</subfield>
    <subfield code="l">3</subfield>
    <subfield code="o">B 720.9541 RAS 2018</subfield>
    <subfield code="r">2023-01-22 00:00:00</subfield>
    <subfield code="s">2023-01-08</subfield>
    <subfield code="t">C-4</subfield>
    <subfield code="w">2018-11-08</subfield>
    <subfield code="y">BK</subfield>
  </datafield>
  <datafield tag="952" ind1=" " ind2=" ">
    <subfield code="0">0</subfield>
    <subfield code="1">0</subfield>
    <subfield code="2">ddc</subfield>
    <subfield code="4">0</subfield>
    <subfield code="7">0</subfield>
    <subfield code="8">NFIC</subfield>
    <subfield code="a">RUCL</subfield>
    <subfield code="b">RUCL</subfield>
    <subfield code="c">Stack</subfield>
    <subfield code="d">2018-09-11</subfield>
    <subfield code="e">Author, Dept. of Islamic History &amp; Culture, RU</subfield>
    <subfield code="g">800.00</subfield>
    <subfield code="l">1</subfield>
    <subfield code="o">B 720.9541 RAS 2018</subfield>
    <subfield code="r">2019-01-14 00:00:00</subfield>
    <subfield code="s">2018-12-11</subfield>
    <subfield code="t">C-5</subfield>
    <subfield code="w">2018-11-08</subfield>
    <subfield code="y">BK</subfield>
  </datafield>
</record>
